00899 a2200205 4500001000500000005001700005008004100022003001500063040004000078080005200118245002300170020001800193250001200211264003400223300001600257505026400273041000800537100003400545856011400579409220260407155431.0260407a1999 arg spa dAR-UNSa-BCEJYS aAR-UNSa-BCEJYSbspacAR-UNSa-BCEJYS a336.2xIngresos públicos (Derecho tributario)10aDerecho tributario a950-14-0880-9 a2a. ed. 1aBuenos Aires :bDepalmac1999 a2 v.c23 cm aTomo I: Teoria general de la tributación, Derecho tributario en general, Derecho tributario constitucional, Derecho tributario material o sustantivo. Tomo II: Derecho tributario formal o administrativo, Derecho tributario procesal, Derecho tributario penal. aspa1 aGarcía Vizcaíno, Catalina41uhttps://biblioeco.unsa.edu.ar/pmb/images/libros/Derecho Tributario 1ed-2ed.jpgyImagen de portadaqimage/jpeg